000 00681nam a2200289Ia 4500
005 20260324144315.0
008 008 260324s9999 xx 000 0 eng d
020 _a9781315808246
037 _aEBOOK
040 _aCRL
040 _beng
040 _cCRL
041 _2eng
041 _aeng
084 _qCRL
100 _aRobert J. Sternberg
_91217966
245 0 _aAdvances in the Psychology of Human Intelligence
245 0 _bVolume 4
260 _bTaylor and Francis
260 _c1988
365 _a
365 _b230
856 _uhttp://www.taylorfrancis.com/books/9781315808246
942 _cEBOOK
999 _c1825305
_d1825305